Internet use (Record no. 68806)

MARC details
000 -LEADER
fixed length control field 00974cam a2200205 4500
001 - CONTROL NUMBER
control field WB3742-17
008 - FIXED-LENGTH DATA ELEMENTS--GENERAL INFORMATION
fixed length control field 011107n2001 000 0 eng u
035 ## - SYSTEM CONTROL NUMBER
System control number (Sirsi) u115521
245 ## - TITLE STATEMENT
Title Internet use
260 ## - PUBLICATION, DISTRIBUTION, ETC.
Date of publication, distribution, etc. 2001
490 ## - SERIES STATEMENT
Series statement Negotiator
Volume/sequential designation 16(22) 2 November 2001, 14(1)
520 ## - SUMMARY, ETC.
Summary, etc. According to a survey commissioned by the organisers of the Property Computer Show, and conducted by propertyfinder.co.uk, two-thirds of visitors to property internet portals are actively looking to find a home. Over 60% of respondents said they were looking to buy a property, while just 17% were merely browsing. The study also indicates that most visitors to property portals expect to find their next property there, far outweighing other potential sources of information. Graph.
590 ## - LOCAL NOTE (RLIN)
Local note WB
650 ## - SUBJECT ADDED ENTRY--TOPICAL TERM
Topical term or geographic name entry element SURVEY
650 ## - SUBJECT ADDED ENTRY--TOPICAL TERM
Topical term or geographic name entry element PROPERTYFINDER
650 ## - SUBJECT ADDED ENTRY--TOPICAL TERM
Topical term or geographic name entry element INTERNET PORTALS
650 ## - SUBJECT ADDED ENTRY--TOPICAL TERM
Topical term or geographic name entry element HOUSE BUYERS
690 ## - LOCAL SUBJECT ADDED ENTRY--TOPICAL TERM (OCLC, RLIN)
Topical term or geographic name as entry element INFORMATION TECHNOLOGY-INTERNET
942 ## - ADDED ENTRY ELEMENTS (KOHA)
Suppress in OPAC 0
Holdings
Withdrawn status Lost status Source of classification or shelving scheme Damaged status Not for loan Home library Current library Shelving location Date acquired Total Checkouts Full call number Barcode Date last seen Copy number Price effective from Koha item type
    Dewey Decimal Classification     London London News article 07/11/2001   WB3742-17 115521-1001 06/08/2019 1 06/08/2019 News article